01477cam a2200313 i 4500001000700000003000700007005001700014007000300031008004100034017005000075020001800125035001300143040002900156080001000185080000800195100003600203245010900239250003500348260004000383300002700423336002200450337003000472338002400502500001300526520042400539650003300963650003200996852013501028193229SpMaBN20250728111243.0ta100811s2010 sp a | |||| 000 0 spa  aM 33305-2010bOficina Depósito Legal Madrid a9788499460352 aa4806291 aSpMaBNbspacSpMaBNerdc a001:1 a2151 aRuiz, Matilde 0XX4992792eaut10aFilosofía, religión y ciencia :bla Tierra, el planeta de la vida, nuestro planeta azul /c[M. Ruiz] aPrimera edición, agosto 2010 aMadrid :bEdición Personal,c2010 a180 páginas ;c23 cm 2rdacontentaTexto 2rdamediaasin mediación 2rdacarrieravolumen aÍndice aPara los amantes de la Naturaleza, de su poder y de sus recursos, la vida toda se encuentra oculta o manifiesta en sus fuentes, ríos, mares, montañas y en toda su biosfera. Por ello la Ciencia es su estudio sin traspasar los límites de su inmensidad y sin explotar sus recursos hasta el punto de atentar gravemente contra la vida. La ecología debe ser un estudio y una forma de armonizar todos los ecosistemas. 4aCiencia-xFilosofía2embne 7aReligión y ciencia2embne aES-MaACLbR. 154628cDEPOJgDedicatoria autógrafa de la autorahDonación: Matilde RuizxEncuadernación rústica con solapas